Verdeos de invierno : Jornada de actualización para profesionales.

Guardado en:
Autor Corporativo: Instituto Nacional de Tecnología Agropecuaria (Argentina). Estación Experimental Agropecuaria Bordenave.
Formato: Libro
Idioma:Spanish
Publicado: [Bordenave : INTA EEA Bordenave], 1999.
Etiquetas: Agregar Etiqueta
Sin Etiquetas, Sea el primero en etiquetar este registro!
LEADER 00569nam a22001455a 4500
001 EEA.libagro006407
005 20180622125458.0
008 130809s1999####ag#a##########000#0#spa#d
082 0 4 |a 633.2 
082 0 4 |a 636.0855 
245 0 0 |a Verdeos de invierno :  |b Jornada de actualización para profesionales. 
260 |a [Bordenave :  |b INTA EEA Bordenave],  |c 1999. 
300 |a 1 v. (sin paginar) :  |b il. ;  |c 30 cm. 
710 2 |a Instituto Nacional de Tecnología Agropecuaria (Argentina).  |b Estación Experimental Agropecuaria Bordenave. 
859 |a AR-BbBCA  |b BIB. AGRONOMIA  |h 633.2  |i V483  |p 1999/3768